Microsoft Office Excel 2007 for dummies / (Record no. 3173)
[ view plain ]
| 000 -LEADER | |
|---|---|
| fixed length control field | 00674cam a2200217 4500 |
| 001 - CONTROL NUMBER | |
| control field | 3893 |
| 005 - DATE AND TIME OF LATEST TRANSACTION | |
| control field | 20181127172149.0 |
| 008 - FIXED-LENGTH DATA ELEMENTS--GENERAL INFORMATION | |
| fixed length control field | 060915s2007 njua 001 0 eng |
| 010 ## - LIBRARY OF CONGRESS CONTROL NUMBER | |
| LC control number | 2006934835 |
| 020 ## - INTERNATIONAL STANDARD BOOK NUMBER | |
| International Standard Book Number | 0470037377 (pbk.) |
| International Standard Book Number | 9780470037379 (pbk.) |
| 100 1# - MAIN ENTRY--PERSONAL NAME | |
| Personal name | Harvey, Greg. |
| 245 10 - TITLE STATEMENT | |
| Title | Microsoft Office Excel 2007 for dummies / |
| Statement of responsibility, etc. | Greg Harvey. |
| 260 ## - PUBLICATION, DISTRIBUTION, ETC. | |
| Place of publication, distribution, etc. | Hoboken, N.J. : |
| Name of publisher, distributor, etc. | Wiley, |
| Date of publication, distribution, etc. | c2007. |
| 300 ## - PHYSICAL DESCRIPTION | |
| Extent | xviii, 384 p., [8] p. of plates : |
| Other physical details | ill. (some col.) ; |
| Dimensions | 24 cm. |
| 440 #0 - SERIES STATEMENT/ADDED ENTRY--TITLE | |
| Title | --For dummies |
| 500 ## - GENERAL NOTE | |
| General note | Includes index. |
| 630 00 - SUBJECT ADDED ENTRY--UNIFORM TITLE | |
| Uniform title | Microsoft Excel (Computer file) |
| 650 #0 - SUBJECT ADDED ENTRY--TOPICAL TERM | |
| Topical term or geographic name entry element | Business |
| General subdivision | Computer programs. |
| Topical term or geographic name entry element | Electronic spreadsheets. |
| Withdrawn status | Lost status | Source of classification or shelving scheme | Damaged status | Not for loan | Collection code | Home library | Current library | Shelving location | Serial Enumeration / chronology | Inventory number | Total Checkouts | Full call number | Barcode | Date last seen | Price effective from | Koha item type |
|---|---|---|---|---|---|---|---|---|---|---|---|---|---|---|---|---|
| Dewey Decimal Classification | Main TEST | RTC Library | RTC Library | Main opac | 6556 | 005.5 HAR | 30006316 | 27/11/2018 | 27/11/2018 | Main |